000 00806nac a22002417a 4500
001 BR6001837
003 BR-BrBNA
005 20240522160304.0
008 230509b bl.|||m| |||| 00| 0 por d
040 _aBR-BrBNA
_bpor
072 _aC00; E50
090 _aC00
_bBR6001837
110 1 _aAssociacao de Credito e Assistencia Rural do Estado do Rio de Janeiro, Niteroi (Brasil)
_9497
245 1 _aRelatório de atividades 1971 /
260 3 _aNiteroi, RJ (Brasil):
_c[nd].
300 _a63 p.
490 _aRelatorio - Associacao de Credito e Assistencia Rural do Estado do Rio de Janeiro (Brazil)
500 _a25 illus.; Published after 1971
650 _aASSISTENCIA TECNICA
650 _aRIO DE JANEIRO
909 _a05/2024
_bSARAH
942 _cMS
999 _c261413
_d261413